[Event "2022 Washington Open, Open Section"]
[Site "Redmond"]
[Date "2022.05.29"]
[Round "4"]
[White "Velea, Anne-Marie"]
[Black "Gottumukkala, Ananth"]
[Result "0-1"]
[WhiteElo "2207"]
[BlackElo "1948"]
[Annotator "Anath Gottumukkala"]
[PlyCount "78"]
[EventDate "2022.05.28"]
[EventType "swiss"]
[EventRounds "6"]
[EventCountry "USA"]
[SourceVersionDate "2022.05.09"]

{[%evp 0,78,23,7,46,53,62,42,69,43,44,51,48,25,25,-9,-4,-15,-19,-16,-16,-26,
-24,-24,-24,-16,-10,-16,-10,-10,-19,-28,-7,-7,0,-53,0,-36,46,46,46,24,5,36,29,
29,87,38,38,-17,-21,0,54,72,85,55,63,68,69,63,123,123,365,320,320,340,342,343,
350,350,350,0,0,0,0,0,0,-389,-406,-29995,-29996] After a shaky first round, I
managed to stabilize and win my next two games without being in much danger.
My confidence was high so I entered round 4 in a very ambitious mood.} 1. e4 c5
2. Nf3 d6 3. Bb5+ {Moscow Variation. White usually plays this to avoid the
sharp theoretical battles in the Open Sicilian.} Nd7 4. d4 {One of White's
ambitious tries alongside 4.0-0 and 4.c3} cxd4 5. Qxd4 a6 6. Bxd7+ Bxd7 {
We have reached a very popular tabiya for the Moscow Variation. White has more
space and slight lead in development but Black has the bishop pair.} 7. Bg5 $5
{A rare sideline that lays a positional trap.} (7. c4 {Most common and looks
like a nice Maroczy Bind but Black has many ways to equalize including the
direct} b5 $5) (7. Nc3 e5 8. Qd3 Rc8 9. O-O h6 $13 {is another mainline. Black
stops Bg5 forever and finishes development smoothly.}) 7... h6 $1 {Luckily I
have faced this sideline in a few practice games so I knew how to respond.} (
7... Nf6 $6 {This is what White hopes for} 8. Nc3 {Now it's too late for e7-e5
because White always has Bxf6 and Nd5 later. This is why we insert h6 first.}
e6 {Covering the d5-square} 9. O-O-O Be7 10. e5 $1 {The key move} dxe5 11. Nxe5
$16 {Black loses the bishop pair and probably has his pawn structure ruined})
8. Bh4 Rc8 9. Nc3 e5 $1 {By provoking Nc3 with Rc8, we can liberate our
position with tactics} 10. Qd3 (10. Bxd8 $4 exd4 $19 {White loses a piece})
10... g5 11. Bg3 Nf6 {A lot of high-level games have been played from here.
Black has the bishop pair and potential queenside attack with the open c-file
but White can play for control of the d5-square and sometimes attack our loose
kingside pawns.} 12. O-O-O {My opponent chooses to castle straight into my
attack to finish development before playing Nd2-f1-e3. If 12.Nd2 immediately
then White has to worry about counterplay such as Qb6 and Be6-c4.} Be6 13. Nd2
Qa5 $5 {I chose to stay flexible with b5 but Black has many good choices.} (
13... b5 14. a3 Qb6 {In hindsight I think this plan is even stronger than the
game since b5-b4 is unstoppable on the next move. For example} 15. f3 b4 $5 16.
axb4 Be7 $1 {Now Qxb4 is a threat and we meet Qxa6 with 0-0} 17. Nd5 Nxd5 18.
exd5 Bd7 $15 {Black's attack is faster and he has the bishop pair to boot.})
14. a3 {During the game I thought it was premature to give me this hook but
it's not easy to exploit.} Be7 15. f3 O-O $5 {This isn't terrible but Rfd8/
d6-d5 is stopped by Nf1-e3 so I was better off prioritizing b5-b4 first.} (
15... b5 $1 {All the variations in the game work so much better for me if I
played this first.} 16. Nf1 Bc4 17. Qe3 b4 $15 {White has no time for Be1 like
in the game. I think Black wins most human games very smoothly from here.}) 16.
Nf1 b5 17. Be1 $1 {By exploiting the tempo I wasted on 0-0, White holds
everything together.} Bc4 18. Qe3 (18. Nd5 {I don't think my opponent was
interested in a draw.} Bxd3 19. Nxe7+ Kh7 20. Bxa5 Rxc2+ 21. Kb1 Rd2+ $11)
18... Bxf1 $6 {A terrible and antipositional move based on some calculation
errors} (18... b4 $5 {This was my original intention} 19. axb4 Qa1+ 20. Kd2
Qxb2 21. Rb1 {I didn't visualize this correctly and thought my queen was
trapped} Qa3 22. Nd5 Qxe3+ 23. Nfxe3 Nxd5 24. Nxd5 Bd8 $13) (18... Qc7 $1 {
I briefly considered this but didn't find it ambitious enough. We remove the
queen from the Be1's gaze and d6-d5 is coming next move since Ne3 is now
impossible} 19. Ng3 d5 $1 20. exd5 Bc5 {The bishops come alive and I prefer
Black}) 19. Rxf1 b4 20. axb4 Qxb4 {I was not happy about trading my bishop but
the upside is that Nd5 is impossible with the Qe3 now undefended. I was still
optimistic about my position with Rb8 coming until my opponent played her next
move.} 21. Qa7 $1 {Suddenly I'm in trouble. Now Nd5 is a threat, my Be7 is
hanging, and so is my a6-pawn.} Rfe8 $1 {This deals with the first 2 threats.}
22. Qxa6 $1 {This looks greedy but there is no way to exploit the open a-file.
If I'm not careful, White will even force a queen trade.} (22. Nd5 $4 Qa4 23.
Nxe7+ Rxe7 $19) 22... Qc5 $1 {The best chance, keeping queens on} (22... Rb8 $4
23. Na4 $18) (22... Ra8 23. Qb5 {Forces a queen trade}) 23. Qd3 (23. Bf2 $1 {
The only way to fight for an advantage} Qc7 24. h4 $14 {Stockfish gives White
an edge but this looks perfectly playable for Black}) 23... Rb8 $1 24. Nd5 Nxd5
25. Qxd5 {At this point we were both below 10 minutes so mistakes start piling
up.} Qb6 $6 (25... Qe3+ $1 26. Bd2 (26. Qd2 $2 Qb6 $19) 26... Qa7 27. Bc3 g4 $1
$13 {Black has at least a draw with Bg5 coming}) 26. Bc3 Rec8 27. g3 (27. Kd2
$1 {Very hard to play during time trouble} Rc5 28. Qd3 Rd8 29. Ke2 $1 $16)
27... Qe3+ 28. Qd2 Qa7 29. Qd3 d5 $5 {I was starting to get pessimistic about
my position for whatever reason} (29... Bd8 $44 {After Ba5 we trade off the
valuable Bc3 defender and have a good attack on the open files}) 30. exd5 $1 (
30. Qxd5 $4 Rxc3 $19) 30... f6 $4 {I started overthinking here and before I
knew it I went from about 3 minutes on the clock to 3 seconds! I played this
on reflex to avoid losing on time and the next second I realized to my horror
what I had done. White has about a dozen ways to win and I only have 3 seconds
for the remaining 10 moves until move 40 while my opponent still had a few
minutes. To say I was doomed would be an understatement.} (30... Bb4 $1 {
This was the obvious follow-up but I must have mistakenly been worried about
Bxe5 during the time trouble} 31. Bxb4 (31. Bxe5 $4 Qa1#) 31... Rxb4 $44 {
With bishops traded, this looks very scary for White in time trouble}) 31. Qg6+
{There are about 100 things wrong with 30. ..f6 but maybe the one good thing
is that it tempted my opponent to move her queen away from the defense of her
king.} Kf8 32. Qxh6+ Kg8 33. Qg6+ Kf8 34. d6 Bd8 35. d7 $4 {Almost any move
wins for White but to my shock, I was allowed to play the one trick left in
the position.} Rxc3 $1 {I had no time to fully calculate this but I knew this
was my only chance} 36. bxc3 {My opponent hesitated to capture my rook so I
knew she realized something went wrong} Qe3+ {White should have brought her
queen back or played Re1 to stop my queen's invasion.} 37. Rd2 Ra8 {All of a
sudden things are very scary for White!} 38. Qe8+ $4 {Now we were both down to
seconds so nerves definitely played a role. Unfortunately this check costs
White the game since there is no more perpetual check.} (38. Kb2 Qb6+ 39. Kc1
Ra1#) (38. Qh6+ $11 {Probably White should bail out with perpetual check})
38... Kg7 39. Rfd1 Qxc3 {After a very topsy-turvy game I somehow survived the
time trouble with an unstoppable mate to follow so my opponent promptly
stopped the clock. This was definitely my toughest game and the only game in
the tournament where I was sure that I would lose after my horrendous move 30.
I think I had good chances to take over the initiative early on but after
missing them, Anne-Marie defended really well to get winning chances of her
own.} 0-1

[Event "2022 Washington Open, Open Section"]
[Site "Redmond"]
[Date "2022.05.30"]
[Round "5"]
[White "Gottumukkala, Ananth"]
[Black "Jiang, Brandon"]
[Result "1-0"]
[WhiteElo "1948"]
[BlackElo "2134"]
[Annotator "Anath Gottumukkala"]
[PlyCount "91"]
[EventDate "2022.05.28"]
[EventType "swiss"]
[EventRounds "6"]
[EventCountry "USA"]
[SourceVersionDate "2022.05.09"]

{[%evp 0,91,27,43,11,21,22,18,14,-6,85,85,94,104,112,111,104,111,123,81,125,95,
110,75,146,109,97,102,117,89,130,103,103,50,124,95,111,82,104,73,108,44,74,85,
105,103,103,70,49,41,41,41,45,41,41,39,38,31,30,30,21,-44,-29,1,25,25,13,-20,
72,-99,-51,5,0,12,21,32,73,51,72,88,60,-44,-50,-29,-64,-1,-33,0,120,129,533,
594,888,462] After getting through the rollercoaser of round 4, I had nothing
to lose and realized I had chances to win the event if I kept playing
ambitiously.} 1. e4 e5 2. Nf3 Nc6 3. Bc4 Bc5 4. c3 Bb6 {Having seen some of
Brandon's games beforehand, I noticed that he plays very principled e4
openings as White but very dubious openings as Black like the Dutch and this
strange sideline.} 5. d4 Qe7 6. d5 Nd8 {Apparently this is the most popular
move but it makes no sense to me since the knight is very miserable and hard
to activate. I had no prior knowledge of this position but it's also very easy
to play with the superior pieces.} 7. O-O d6 8. a4 a6 9. Nbd2 g6 10. Bd3 $1 {
Discouraging f5 and preparing Nc4} Ba7 11. Nc4 Nf6 12. Bg5 {Provoking h6 will
discourage 0-0 and weaken the g6-square if Black ever plays f5.} h6 13. Be3 {
I wanted to neutralize the Ba7 to kill Black's attack before it starts.} (13.
Bc1 $1 {In hindsight it's even better to kill Black's attack without trading
pieces since I have the space advantage. For example} Nh5 14. b4 Qf6 15. g3 $1
Bg4 16. Kg2 $16 {Black has no counterplay and terrible coordination so White
should win pretty easily even after a queen trade.}) 13... Nh5 14. Re1 {
I just improve my pieces while I'm waiting to see what plan my opponent
commits to} (14. Bxa7 $1 {This is more direct and convincing} Rxa7 15. a5 O-O
16. g3 Ng7 17. Nh4 $16 {A typical plan to stop f7-f5, especially in King's
Indian structures. Black's position looks hopeless}) 14... f6 $2 {Brandon said
afterwards that he wanted to get Nf7 quickly but I think he needed to be more
patient.} 15. Nh4 Qh7 16. Qf3 $2 {I rushed this decision and kept playing
good-looking moves when direct action was called for the past few moves. This
does not even discourage Nf7 since the f6-pawn cannot be easily targeted.} (16.
Bxa7 $1 Rxa7 17. g3 $1 Nf7 18. f4 Ng7 19. f5 $18 {Black is suffocated and
White can slowly open the queenside to win.}) 16... Ke7 $2 {I don't understand
this at all} (16... Bxe3 17. fxe3 $14 {Another idea behind Qf3 is to form a
battery with Rf1 here}) (16... Nf7 17. g3 $14 {Black is still suffering but
some of the advantage has slipped}) 17. b4 {With Black no longer castling, it
makes sense to open lines on the queenside to attack it.} Bd7 18. Na5 $5 {
I want to play b5 without letting Black take twice on b5 but it's a little
slow.} (18. b5 $1 {This was my initial intent} Bxe3 19. fxe3 axb5 20. axb5 Rxa1
21. Rxa1 Bxb5 22. Qg4 $1 {I totally missed this from afar} (22. Nxe5 fxe5 23.
Bxb5 $16 {I saw this position and thought I could get more by avoiding trades.}
) 22... Rg8 (22... Bd7 23. Nxg6+ $18) 23. Qc8 Ke8 24. Nxd6+ cxd6 25. Bxb5+ $18)
18... Ng7 19. b5 (19. c4 $1 {A much simpler way to win. c4-c5 is unstoppable
and now it's impossible for Black to close the queenside.} b6 20. Nb3 $18)
19... Bxe3 20. fxe3 b6 21. Nc6+ Bxc6 22. bxc6 g5 $1 {My opponent found the
best chance to survive. By this point I was furiously trying to sacrifice a
piece with Rf1 or Qh3 to avoid closing the kingside.} 23. Nf5+ $2 {I was
running out of time on the clock and resigned myself to the game being drawn
but apparently I still had a few winning continuations.} (23. Qh3 gxh4 24. Qd7+
Kf8 25. Qxc7 Ne8 26. Qxb6 $44 {White has strong pawns but I'm not sure if I
have any advantage}) (23. a5 $5 {I never considered this plan} gxh4 (23... b5
24. Rf1 $18 (24. Nf5+ $18 {Now this works since we can open the queenside with
c4 at any time})) 24. axb6 cxb6 25. Rxa6 Rxa6 26. Bxa6 Nf7 27. Ra1 Ra8 (27...
Ng5 28. Qg4 f5 29. Qxh4 $18) 28. c7 Ng5 29. Qg4 Qxe4 30. Qxe4 Nxe4 31. c4 $18)
(23. Rf1 $1 {I should have made this work} gxh4 24. Qxf6+ Ke8 25. Rf3 {I
either missed or underestimated the plan of doubling rooks because now it's
obvious that White is winning} Nh5 26. Qxh4 Qg6 {Hoping for Rf8 or Nf7 but
it's too late} 27. Raf1 $18 {Qh3 will be crushing. With the Nd8 and Ra8
completely paralyzed, it's irrelevant that we are a piece down. Black can
resign.}) 23... Nxf5 24. exf5 a5 $1 {After missing many winning lines, the
position is suddenly very closed and drawish.} 25. Qh5 Qf7 26. Qf3 h5 27. e4
Qg7 28. Rab1 Nf7 29. Qe2 g4 30. Ba6 $5 {I probably should have forced a draw
before the game got out of control but I kept playing ambitiously.} (30. Qe3 $1
$11 {This pretty much kills the game. Black can only make progress with Qg5 or
Qh6 and after trading queens, a draw is inevitable.}) 30... Ng5 31. Bb7 Rag8
32. Kh1 {Avoiding Nf3+} Qf8 {I think my opponent started getting worried about
Qa6 and brought back the queen for defense just in case.} (32... g3 $1 {
This would put me under serious pressure} 33. c4 $1 (33. h3 $4 {There's a
decent chance I could blunder this since we were both in time trouble} Nxh3 34.
gxh3 g2+ 35. Kg1 Qg3 36. Qe3 Qh4 $19 {Rg3 is unstoppable and White collapses})
33... gxh2 (33... Nf7 34. h3 $13) 34. c5 $1 bxc5 35. Ba6 $13 {Rb7 is coming})
33. Qa6 {In hindsight this is a waste of time} (33. c4 $1 {I should have
started the attack immediately} h4 {Black had to retreat with Nf7 which is
almost impossible to play in severe time trouble} 34. c5 h3 35. g3 {White
crashes through much more quickly than in the game} Qd8 36. cxb6 cxb6 37. Qa6
Nf3 38. Rec1 $18) 33... h4 34. c4 {This is very ugly and slow compared to 33.
c4 and my queen is cut off from defending the king.} Qd8 (34... g3 $5 {This
creates a crazy mess} 35. h3 Nxh3 36. gxh3 g2+ 37. Kg1 Rg3 38. Qa7 Rxh3 39. Ba6
Qd8 40. Rxb6 Rg8 41. Kf2 $13) 35. c5 $1 h3 36. g3 dxc5 $1 {My opponent found a
brilliant defensive resource} 37. d6+ Qxd6 $1 38. Rbd1 Rd8 $1 39. Rxd6 Rxd6 {
To my shock, even though Black only has a rook for queen, he will form a
deadly mating net in 2 moves. Unfortunately I had barely any time to make this
critical 40th move.} 40. Bc8 $4 {The classic move 40 blunder. This prepares
Qb7 or Qa7 and if Black ever tries Rhd8, then Bd7 jams the d-file. It sounds
good conceptually but there is a concrete refutation} (40. Qa7 $1 {The only
defense. It's better to send the bishop to a6 where it defends my kingside} Nf3
41. Ba6 $1 Rc8 42. Qb7 $1 Rd2 (42... Nxe1 43. Qxc8 $18) (42... Rdd8 43. Rf1 $18
) 43. Be2 $1 Rxe2 $1 (43... Nxe1 44. Qxc8 $18) 44. Rxe2 Rd8 $11) 40... Nf3 (
40... Rd2 $1 41. Rf1 {Stopping Nf3} c4 $1 42. Kg1 c3 $19 {The pawn will
promote after we are forced to give the Rf1 for the black knight.}) 41. Rf1 Rd2
$4 {The final mistake} (41... b5 $1 {The key winning move, once again cutting
off our queen from communicating with the kingside.} 42. Qxb5 (42. axb5 Rd2 43.
Rxf3 Rd1+ {Unlike the game, our queen doesn't guard f1 anymore.} 44. Rf1 Rxf1#)
42... Rxc8 43. Rxf3 Rb8 $1 44. Rf1 Rxb5 45. axb5 Rd4 $19 {The rook ending is
hopeless}) 42. Rxf3 gxf3 (42... Rd1+ 43. Rf1 $18) 43. Kg1 {Now my king is out
of the mating net and during the game I was sure that I'm winning again.} Rg2+
44. Kf1 Rxh2 45. Qc4 $1 {My opponent probably assumed I would invade with Qb7
and missed this entry point.} Rh6 {A decent practical try, stopping Qxf6 and
dreaming of promoting the h-pawn.} (45... Rxc8 46. Qe6+ Kd8 47. Qd7#) 46. Qg8
$1 {By far the simplest. I thought for about 7-10 minutes and was relieved to
finally find this. In most variations I wanted Qe6+ first but in this special
case I have a quicker invasion. Shortly after seeing this move, my opponent
resigned.} (46. Qe6+ {I was unable to find a forced win here} Kf8 47. Ba6 $1 {
A very strong computer move. The obvious point is preparing a battery with Bc4
in some lines. However there is a deeper point. When Black plays h2 and Rf1+
to quickly promote, we can now play Bxf1 so the promotion doesn't come with
check! For example:} Rh1+ 48. Kf2 h2 {Rf1+ is a threat} 49. Qc8+ $1 (49. Bc4 $2
Rf1+ 50. Ke3 Re1+ 51. Kd2 Rd1+ $11 {Unfortunately the Bc4 jams our escape
route!}) 49... Kg7 50. Qxc7+ Kf8 51. Qd8+ Kg7 52. Qe7+ Kh8 53. c7 Rf1+ 54. Bxf1
$1 h1=Q 55. c8=Q#) (46. Qg8 c4 $1 {My opponent could have forced me to find
one more good move. Black tries to run his king to c5.} (46... Rh1+ 47. Kf2 h2
48. Qg7+ Kd6 49. Qd7#) 47. Bd7 $1 {The cleanest win} Rh1+ 48. Kf2 h2 49. Qe8+
Kd6 50. Qf8#) 1-0